| 000 | 01226cam a2200325 a 4500 | ||
|---|---|---|---|
| 001 | 15791557 | ||
| 005 | 20090902123638.0 | ||
| 008 | 090625s2009 enk |r 00| 1aeng | ||
| 010 | _a 2009291717 | ||
| 020 | _a080211881X | ||
| 020 | _a9780719560163 | ||
| 035 | _a(OCoLC)ocn298317377 | ||
| 040 |
_aDLC _cJFN _dJFN _dJED _dYDXCP _dBWX _dCDX _dYBM _dWIM _dHLS _dDLC |
||
| 042 | _alccopycat | ||
| 043 |
_ae-uk--- _an-us-ca |
||
| 050 | 0 | 0 |
_aPN5123.A97 _bA3 2009 |
| 082 | 0 | 4 |
_a070.92 _222 _bAYR |
| 100 | 1 |
_aAyres, Chris, _d1975- _922867 |
|
| 245 | 1 | 0 |
_aDeath by Leisure : _bA Cautionary Tale / _cChris Ayres. |
| 260 |
_aLondon: _bJohn Murray, 2009 _c2009. |
||
| 300 |
_axii, 306 p. ; _c24 cm. |
||
| 600 | 1 | 0 |
_aAyres, Chris, _d1975- _922868 |
| 650 | 0 |
_aJournalists _zGreat Britain _vBiography. _922869 |
|
| 651 | 0 |
_aLos Angeles (Calif.) _xSocial life and customs. _922870 |
|
| 653 |
_bENG _cApril2011 |
||
| 856 | 4 | 2 |
_3Publisher description _uhttp://www.loc.gov/catdir/enhancements/fy0712/2006050441-d.html |
| 942 |
_2ddc _cBB |
||
| 999 |
_c15064 _d15064 |
||